Fronteras más cortas del mundo - Estadísticas

Estadísticas generales
  • Esta prueba ha sido intentada 24 veces
  • La puntuación promedio es 29 de 40
Estadísticas de respuestas
Hint Respuesta % Correcto
16 Andorra
100%
19 Andorra
100%
5 Ciudad del Vaticano
95%
4 España
95%
9 España
95%
19 España
95%
6 Francia
95%
8 Francia
95%
16 Francia
95%
6 Mónaco
95%
14 San Marino
95%
5 Italia
90%
14 Italia
90%
9 Marruecos
90%
4 Reino Unido
90%
12 Austria
86%
12 Liechtenstein
86%
15 Liechtenstein
86%
15 Suiza
86%
10 Rusia
71%
18 Arabia Saudí
67%
18 Catar
67%
20 Alemania
62%
10 Corea del Norte
62%
3 Canadá
57%
3 Dinamarca
57%
20 Dinamarca
57%
1 Sri Lanka
57%
7 Turquía
57%
1 India
52%
17 Yibuti
52%
7 Azerbaiyan
48%
13 Irán
48%
8 Países Bajos
48%
17 Somalia
48%
13 Armenia
43%
2 Botsuana
43%
11 Croacia
43%
11 Montenegro
43%
2 Zambia
38%
No se encontraron pruebas coincidentes
Distribución de puntuación
Porcentaje de gente con cada puntuación
Porcentaje por número respondido
Historial de tus puntuaciones
No has intentado esta prueba.